000 00814nam0a22002651 4500
001 rc\2996268
005 20250806210302.0
035 _a(NLR Aleph) 007139980
090 _a70383
_c70383
100 _a20110917d1941 u y0rusy50 ca
101 0 _arus
102 _aRU
105 _ay z |||||
200 1 _aО гуманизме Горького
_fВ. Ермилов
210 _aМосква
_cГослитиздат
_d1941
215 _a382, [2] с.
_d17 см
300 _aМикрофильм
700 1 _aЕрмилов
_bВ.В.
_f1904-1965
_gВладимир Владимирович
801 0 _aRU
_bNLR
_gpsbo
801 1 _aRU
_bELAR
_2rusmarc
852 _aNLR
_bМф
_jК1/1580
942 _cBOOK
945 _aРоссийская национальная библиотека
980 _aNB
980 _aBV